000 00283nam a22001337a 4500
020 _a9788131715055
082 _a001.53
100 _apatrick henry winston
245 _aARTIFICIAL INTELLIGENCE
250 _a3RD ED.
260 _aINDIA
_bPEARSON
_c1992
300 _a737
942 _cBK
999 _c23291
_d23291